fieras domésticas (Record no. 1838)
[ view plain ]
| 000 -LEADER | |
|---|---|
| campo de control de longitud fija | 00860nam a2200157 4500 |
| 008 - DATOS DE LONGITUD FIJA--INFORMACIÓN GENERAL | |
| campo de control de longitud fija | 862.728.6 M778f |
| 020 ## - NÚMERO INTERNACIONAL ESTÁNDAR DEL LIBRO | |
| Número Internacional Estándar del Libro | 9789930572047 |
| 082 ## - NÚMERO DE LA CLASIFICACIÓN DECIMAL DEWEY | |
| Número de clasificación | 862.728.6 |
| Número de ítem | M778f |
| 100 ## - ENTRADA PRINCIPAL--NOMBRE DE PERSONA | |
| Nombre de persona | Montero Zeledón, María |
| 9 (RLIN) | 2761 |
| 245 ## - MENCIÓN DEL TÍTULO | |
| Título | fieras domésticas |
| 260 ## - PUBLICACIÓN, DISTRIBUCIÓN, ETC. | |
| Lugar de publicación, distribución, etc. | San José, Costa Rica |
| Nombre del editor, distribuidor, etc. | Ediciones Perro Azul |
| Fecha de publicación, distribución, etc. | 2019 |
| 300 ## - DESCRIPCIÓN FÍSICA | |
| Extensión | 182 p. |
| Dimensiones | 14 x 21 cm |
| 440 ## - MENCIÓN DE SERIE/PUNTO DE ACCESO ADICIONAL--TÍTULO | |
| Título | Colección Crónica No/Ficcón |
| 9 (RLIN) | 7152 |
| 505 ## - NOTA DE CONTENIDO CON FORMATO | |
| Título | I PARTE |
| -- | Opera sórdida |
| -- | El nombre de la rosa |
| -- | Hermano Pedro |
| -- | La unidad de tres |
| -- | Retrato con fieras |
| -- | Santa Sangre |
| -- | Hoy es siempre todavía |
| -- | Un nómada a la deriva |
| -- | II PARTE |
| -- | El Ovnipresente |
| -- | El Mercurio |
| -- | La Rosa |
| -- | El Líder |
| -- | El Artista |
| -- | El Sociólogo |
| -- | El Acelerado |
| -- | El Alquimista |
| -- | El Español |
| -- | El Ratón |
| -- | El Chunchón |
| -- | La Bandera |
| -- | La Amorosa |
| -- | La Joya |
| -- | El Estilista |
| 650 ## - PUNTO DE ACCESO ADICIONAL DE MATERIA--TÉRMINO DE MATERIA | |
| Subdivisión general | literatura |
| -- | no ficción |
| -- | relatos - prensa escrita |
| -- | Costa Rica |
| 9 (RLIN) | 7153 |
| Estatus retirado | Estado de pérdida | Fuente del sistema de clasificación o colocación | Estado de daño | No para préstamo | Biblioteca de origen | Biblioteca actual | Ubicación en estantería | Fecha de adquisición | Total de préstamos | Signatura topográfica completa | Código de barras | Visto por última vez | Precio de reemplazo | Tipo de ítem Koha |
|---|---|---|---|---|---|---|---|---|---|---|---|---|---|---|
| Clasificación Decimal Dewey | Biblioteca LadoV | Biblioteca LadoV | 28/08/2019 | 862.728.6 M778f | 004836 | 28/08/2019 | 28/08/2019 | Material 01 |
